| 000 | 01366nam a2200313 i 4500 | ||
|---|---|---|---|
| 001 | 186718 | ||
| 003 | ES-MaACL | ||
| 005 | 20231212100706.0 | ||
| 008 | 170208s2014 sp a |||| |dspa d | ||
| 020 | _a978-84-941980-0-7 | ||
| 080 | _a663.25 | ||
| 100 | 1 |
_aYravedra, Gabriel. _9161673 |
|
| 245 | 1 | 3 |
_aEl fraude de la chaptalización en vinos de la Unión Europea _b: incluye apéndices explicativos sobre los temas que se tratan en el texto principal y anejos específicos sobre legislación vitivinícola de la Unión Europea / _cGabriel Yravedra. |
| 246 | 3 | 3 |
_iSubt. en verso de port. _aIncluye apéndices sobre legislación vitivinícola de la Unión Europea y la Ley de la Viña y el Vino |
| 250 | _a1ª ed. | ||
| 260 |
_aMadrid : _bA. Madrid Vicente (AMV), _c2014. |
||
| 300 |
_a221 p. : _bil. ; _c24 cm. |
||
| 504 | _aBibliografía: p. 91-92. | ||
| 650 | 4 |
_aVinificación. _9156738 |
|
| 650 | 4 |
_aIndustria vitivínicola. _9141183 |
|
| 650 | 0 | 4 |
_aVinos. _917810 |
| 740 | 0 | 2 | _aLegislación vitivinícola de la Unión Europea. |
| 740 | 0 | 2 | _aLey de la Viña y el Vino. |
| 852 |
_aES-MaACL _jA-14009 _9193775 _bR.151277 _cDEPO1 _dOlim: N-7009 _gDedicatoria autógrafa del autor _hDonación: Gabriel Yravedra |
||
| 903 |
_9161673 _aYravedra, Gabriel _ednr |
||
| 942 |
_2udc _cMONOGRAFIA |
||
| 999 |
_c186718 _d186718 |
||